1814 1287 1159 1462 1032 1752 1922 1774 1579 1342 1868 1610 1120 1975 1659 1296 1124 1885 1687 1547 1964 1148 1332 1452 1953 1026 1700 1091 1472 1202 1453 1604 1081 1863 1835 1488 1708 1684 1559 1951 1931 1331 1615 1451 1489 1218 1151 1520 1309 1001 1792 1943 1127 1539 1762 1198 1468 1323 1953 1170 1428 1384 1209 1813 1287 1663 1305 1578 1231 1118 1608 1686 1846 1158 1784 1240 1717 1792 1528 1445 1420 1895 1713 1156 1590 1939 1591 1273 1634 1235 1761 1630 1099 1403 1027 1443 1956 1172 1810 BCNSPRNW ULIB Ver.6.0+V

เปลี่ยนเป็นภาษาไทย

Change to English
 แสดงรายละเอียดบรรณานุกรม
  กลับหน้าหลัก

Brief Record : Get Marc (ISO 2709) : E-mail record : QR code < ปิดหน้าต่าง
LEADER : 00000nam 2200000uu 4500
001    13399128684
003     ULIB
008    020711s2565 th a 000 0 tha d
020    ^a9786168012185
060    ^aWY154 ^bศ499ก
100    ^aศิริอร สินธุ
245    ^aการพยาบาลผู้ป่วยวิกฤต หลังผ่าตัด
250    ^aพิมพ์ครั้งที่ 1
260    ^aนนทบุรี :^bสภาการพยาบาล,^c2565
300    ^a411 หน้า;^b19 ซม.
650    ^aผู้ป่วย^xการพยาบาล
650    ^aผู้ป่วยวิกฤต^xผ่าตัด
945    ^p350^l0^i010340
999    ^aประนอม เกษจรัล
รายการนี้ยังไม่มีแท็ก
คุณยังไม่ได้ล็อกอิน คุณสามารถมีกิจกรรมร่วมกับเว็บไซต์ได้ แต่ต้องล็อกอินก่อน ::
  ล็อกอิน

รายการสื่อสารสนเทศ

ลำดับที่ ประเภท เลขเรียก/บาร์โค้ด สถานที่ สถานะ
1. Book การพยาบาล
หนังสือสำรอง
สถานะ=หนังสือสำรอง
WY154 ศ499ก ฉ.1 
  Barcode: 010340
ห้องสมุดวิทยาเขตสวรรค์ประชารักษ์
►หนังสือทั่วไป
บนชั้น

รายการใกล้เคียง
    ผู้แต่ง [ศิริอร สินธุ]

    หัวเรื่อง [ผู้ป่วย การพยาบาล]

BibComment


ยังไม่เคยถูกคอมเมนท์

คอมเมนท์ทรัพยากรรายการนี้
  คอมเมนท์: การพยาบาลผู้ป่วย..


 Copyright 2026. Bcnsprnw @Library